| 000 | 00609nam a2200205 a 4500 | ||
|---|---|---|---|
| 005 | 20250307063819.0 | ||
| 008 | 031106s1978 mx r 000 0 spa d | ||
| 020 | _a8425407354 | ||
| 035 | _aUPN01000130747 | ||
| 049 | _aCG | ||
| 050 | 4 |
_aBF455 _bB6.4 |
|
| 100 | 1 | _aBolton, Neil | |
| 245 | 1 | 0 |
_aIntroducción a la psicología del pensamiento / _cNeil Bolton ; tr. Luis Cuéllar. |
| 260 |
_aBarcelona, Esp. : _bHerder, _c1978. |
||
| 300 | _a374 p. | ||
| 440 | 0 |
_aBiblioteca de psicología ; _v53 |
|
| 534 |
_pTraducción de: _tThe psychology of thinking |
||
| 650 | 4 |
_aPensamiento _95399 |
|
| 905 | _aLibro | ||
| 999 |
_c102904 _d102904 |
||